00727nam a22002057a 450000500170000000800430001702000180006005000200007810000200009824000580011824501290017625000110030526000480031630000210036449000420038565000270042765000190045465000160047370000320048920230123103330.0230123b ag ||||| |||| 00| 0 spa d a978987162272604aB5005bH36 20191 aHan, Byung-Chul aAbwesen. Zur Kultur und Philosophie des Fernen Ostens10aAusencia : bacerca de la cultura y la filosofía del Lejano Oriente / cByung-Chul Han ; traducción, Graciela Calderón a1a ed. aBuenos Aires :b Caja Negra Editora, c2019 a133 p. ;c20 cm.0 aColección Futuros Próximos ; v22 4aFilosofía asiática 4aCultura xAsia 4aFilosofía1 aCalderón, Graciela, etr.